000 00455nam a2200181Ia 4500
001 10262
003 IN-NITTTR
005 20251114233055.0
008 251113s9999||||xx |||||||||||||| ||eng||
040 _beng
040 _cIN-NITTTR
041 _aeng
082 _a624.15 S34H
100 _aSrinivasulu, P.
245 0 _aHandbook of machine foundations. /
_cSrinivasulu, P., Vaidyanathan, C. V.
700 _a Vaidyanathan, C. V.
942 _2ddc
_cBK
999 _c12899
_d12899